Statistics for The Places Famous Explorers Explored

Click here to take the quiz!

General Stats

  • This quiz has been taken 509 times
    (467 since last reset)
  • The average score is 14 of 28

Answer Stats

ExplorerDateCountry or Region% Correct
Marco Polo1266China (Beijing)
89%
Leif Erikson1001Canada
88%
Erik the Red982Denmark (Greenland)
85%
Hernán CortésMarch 1519Mexico
74%
Vasco da Gama20 May 1498India
67%
Christopher Columbus12 October 1492The Bahamas
65%
Yuri Gagarin12 April 1961Earth orbit, outer space
60%
James Cook19 April 1770Australia
59%
Francisco PizarroMay 1532Peru
58%
Edmund Hillary29 May 1953Nepal (Mount Everest)
57%
Roald Amundsen14 December 1911Antarctica (South Pole)
56%
Henry Hudson2 August 1610Canada (Hudson Bay)
55%
Lewis and ClarkNovember 1805United States (Oregon), Pacific Ocean
55%
Abel Tasman13 December 1642New Zealand
50%
Juan Ponce de León1513United States (Florida)
48%
Amerigo Vespucci1502Brazil
45%
John Cabot1497Canada
43%
Jacques Cartier2 October 1535Canada (St. Lawrence River, Montreal)
43%
Ferdinand Magellan13 February 1521Philippines
39%
George Vancouver29 April 1792United States (Oregon)
39%
Ernest Shackleton9 January 1909Antarctica
37%
Samuel de Champlain3 July 1608Canada (Quebec City)
36%
Francis Drake17 June 1579United States (California)
35%
Hernando de Soto1541United States (Mississippi River)
29%
Vasco Núñez de Balboa1513Panama, Pacific Ocean
28%
Stanley and Livingstone10 November 1871Tanzania (Lake Tanganyika)
21%
Richard E. Byrd1928Antarctica
15%
Walter Raleigh1595Guyana, Venezuela (Orinoco River)
8%

Score Distribution

Percentile by Number Answered

Percent of People with Each Score

Your Score History

You have not taken this quiz since the last reset